000 00270nam a22001097a 4500
008 160526b xxu||||| |||| 00| 0 eng d
020 _a0131129597
041 _aeng
080 _a615
245 _aHealth professional's: Drug guide:
_cMargaret T. Shannon;
942 _2udc
_cBK
999 _c2428
_d2428